Middle Egyptian : an introduction to the language and culture of hieroglyphs /

محفوظ في:

المؤلف الرئيسي: Allen, James P., 1945-

التنسيق: كتاب

اللغة: English
Ancient Egyptian

منشور في: Cambridge ; New York : Cambridge University Press, 2000.

الموضوعات:

الوسوم: إضافة وسم

لا توجد وسوم, كن أول من يضع وسما على هذه التسجيلة!

رقم الطلب: PJ1135 .A45

LEADER 00895cam a22002654a 4500
001 ocm52405408
003 OCoLC
005 20240220045240.0
008 990401s2000 enkab b 001 0 eng
010 |a  99024295  
020 |a 0521653126  |q (hb) 
020 |a 9780521653121  |q (hb) 
041 0 |a eng  |a egy 
050 4 |a PJ1135  |b .A45 
100 1 |a Allen, James P.,  |d 1945- 
245 1 0 |a Middle Egyptian :  |b an introduction to the language and culture of hieroglyphs /  |c James P. Allen. 
264 1 |a Cambridge ;  |a New York :  |b Cambridge University Press,  |c 2000. 
300 |a xii, 510 pages :  |b illustrations, map ;  |c 26 cm 
336 |a text  |b txt  |2 rdacontent 
337 |a unmediated  |b n  |2 rdamedia 
338 |a volume  |b nc  |2 rdacarrier 
504 |a Includes bibliographical references (pages 411-422) and index. 
650 0 |a Egyptian language  |x Grammar. 
650 1 7 |a Egyptisch.  |2 gtt 
999 |c 56902  |d 56902